000 00349nam a22001217a 4500
003 SGT
082 _a97881237661190
_b920
100 _aP11K
245 _aदुबे, अभय कुमार
_bबाल ठाकरे :आज के नेता
260 _b राजकमल प्रकाशन
_c1997
300 _a135
942 _2ddc
_cBK
999 _c31966
_d31966